000 00455nam a2200145Ia 4500
003 GCL
008 140319s9999 xx 000 0 eng d
040 _aGCL /
_cGCL
082 0 4 _aCC
_b916.2043
_bT N
100 1 _aTHACKERAY,WILLION MAKEPESCE
245 1 0 _aNOTES OF A JOURNEY FROM CORNHILL TO GRAND CAIRO /
_cTHACKERAY,WILLION MAKEPESCE
260 _a[S.N] :
_bCOCKBIRD PRESS ،
_c1991
650 0 4 _aMIDDLE EAST - DESCRIPTION AND TRAVELS
942 _2ddc
_cBK
999 _c13090
_d13090